| 000 | 00337nam a2200121Ia 4500 | ||
|---|---|---|---|
| 008 | 190216s9999||||xx |||||||||||||| ||und|| | ||
| 100 | _a"Jeffrey. Gh, Bassett J, Mendham J And Denney Rc" | ||
| 245 | 0 | _aVogel`S Text Book Of Quantitative Chemical Analysis | |
| 260 |
_bLongmans _c1989 |
||
| 300 | _a877p | ||
| 650 | _aChemistry | ||
| 942 | _cBK | ||
| 999 |
_c2184 _d2184 |
||